000 00401nam a2200169Ia 4500
005 20260330110335.0
008 260330s9999||||xx |||||||||||||| ||und||
020 _a9789681658762
041 _aspa
100 _aScott, Jugh
245 0 _aLos Fantasmas De Pico De Cuervos /
_cJugh Scott
250 _a1 ed.
260 _aMexico :
_bFce.
_c2000
300 _a137 p.
650 _aNOVELA
942 _cBKL
999 _c243
_d243